{"text_format":"3","workbook":"xlsx","n_sheets":1,"sheets":["t504"],"read":"whole","date_system":"1900"}

{"sheet":"t504","index":0,"n_rows":171,"n_cols":7,"rows_kept":171,"merged":[[0,0,0,6],[30,0,30,5],[48,0,48,5],[147,0,147,5]]}
["TABELA 504.1 - Estatísticas Agrícolas, Município de Sandovalina, Estado de São Paulo, 2007/08."]
["ITEM","UNIDADE","N.DE UPAs","MÍNIMO","MÉDIO","MÁXIMO","TOTAL"]
["Distância à sede do município","km",315,0.1,{"v":15.86,"d":"15.9"},48.2,"-"]
["Área total","hectare",315,1.2,{"v":140.35,"d":"140.4"},{"v":5880.6,"d":"5,880.6"},{"v":44209.8,"d":"44,209.8"}]
["Área com cultura perene","hectare",43,0.2,{"v":1.92,"d":"1.9"},3.6,82.6]
["Área com cultura temporária","hectare",143,0.2,{"v":124.34,"d":"124.3"},{"v":4356,"d":"4,356.0"},{"v":17780.6,"d":"17,780.6"}]
["Área com pastagem","hectare",296,2.5,{"v":79.09,"d":"79.1"},{"v":2369.9,"d":"2,369.9"},{"v":23410,"d":"23,410.0"}]
["Área com reflorestamento","hectare",67,0.1,{"v":4.65,"d":"4.7"},{"v":75,"d":"75.0"},311.4]
["Área com vegetação natural","hectare",55,0.1,{"v":35.26,"d":"35.3"},{"v":700,"d":"700.0"},{"v":1939.4,"d":"1,939.4"}]
["Área com vegetação de brejo e várzea","hectare",3,0.1,{"v":2.53,"d":"2.5"},7.1,7.6]
["Área em descanso","hectare",3,40.5,116.3,{"v":260,"d":"260.0"},348.9]
["Área complementar","hectare",299,0.1,1.1,{"v":40,"d":"40.0"},329.3]
["Área das UPAs com (0, 1] ha","hectare","-","-","-","-","-"]
["Área das UPAs com (1, 2] ha","hectare",1,1.2,1.2,1.2,1.2]
["Área das UPAs com (2, 5] ha","hectare",7,2.4,3.9,{"v":5,"d":"5.0"},27.3]
["Área das UPAs com (5, 10] ha","hectare",4,{"v":6,"d":"6.0"},{"v":6,"d":"6.0"},{"v":6,"d":"6.0"},{"v":24,"d":"24.0"}]
["Área das UPAs com (10, 20] ha","hectare",190,{"v":12,"d":"12.0"},15.8,{"v":20,"d":"20.0"},{"v":3001.3,"d":"3,001.3"}]
["Área das UPAs com (20, 50] ha","hectare",26,20.5,{"v":37.19,"d":"37.2"},48.4,966.9]
["Área das UPAs com (50, 100] ha","hectare",15,53.2,{"v":71.05,"d":"71.1"},96.8,{"v":1065.8,"d":"1,065.8"}]
["Área das UPAs com (100, 200] ha","hectare",27,101.6,{"v":140.93,"d":"140.9"},199.6,{"v":3805.2,"d":"3,805.2"}]
["Área das UPAs com (200, 500] ha","hectare",26,200.8,{"v":346.08,"d":"346.1"},{"v":499,"d":"499.0"},{"v":8998,"d":"8,998.0"}]
["Área das UPAs com (500, 1.000] ha","hectare",11,500.9,{"v":741.06,"d":"741.1"},{"v":968,"d":"968.0"},{"v":8151.7,"d":"8,151.7"}]
["Área das UPAs com (1.000, 2.000] ha","hectare",5,{"v":1152,"d":"1,152.0"},{"v":1468.52,"d":"1,468.5"},{"v":1923,"d":"1,923.0"},{"v":7342.6,"d":"7,342.6"}]
["Área das UPAs com (2.000, 5.000] ha","hectare",2,{"v":2132.8,"d":"2,132.8"},{"v":2472.6,"d":"2,472.6"},{"v":2812.4,"d":"2,812.4"},{"v":4945.2,"d":"4,945.2"}]
["Área das UPAs com (5.000, 10.000] ha","hectare",1,{"v":5880.6,"d":"5,880.6"},{"v":5880.6,"d":"5,880.6"},{"v":5880.6,"d":"5,880.6"},{"v":5880.6,"d":"5,880.6"}]
["Área das UPAs acima de 10.000 ha","hectare","-","-","-","-","-"]
["Familiares do proprietário que trabalham na UPA","unidade",240,{"v":1,"d":"1.0"},{"v":2.27,"d":"2.3"},{"v":11,"d":"11.0"},{"v":545,"d":"545.0"}]
["Trabalhadores permanentes","unidade",68,{"v":1,"d":"1.0"},{"v":5,"d":"5.0"},{"v":100,"d":"100.0"},{"v":340,"d":"340.0"}]
["Fonte: Secretaria de Agricultura e Abastecimento, CDRS/IEA, Projeto LUPA."]
[]
["TABELA 504.2 - Explorações Animais, Município de Sandovalina, Estado de São Paulo, 2007/08."]
["ITEM","UNIDADE","N.DE UPAs","MÍNIMO","MÉDIO","MÁXIMO","TOTAL"]
["Apicultura","colmeias",2,{"v":1,"d":"1.0"},6.5,{"v":12,"d":"12.0"},{"v":13,"d":"13.0"}]
["Asininos E Muares","cabeças",16,{"v":1,"d":"1.0"},{"v":2.13,"d":"2.1"},{"v":14,"d":"14.0"},{"v":34,"d":"34.0"}]
["Avicultura de Corte","cabeças/ano",5,{"v":60,"d":"60.0"},{"v":4036,"d":"4,036.0"},{"v":9000,"d":"9,000.0"},{"v":20180,"d":"20,180.0"}]
["Avicultura para Ovos","cabeças",1,{"v":30,"d":"30.0"},{"v":30,"d":"30.0"},{"v":30,"d":"30.0"},{"v":30,"d":"30.0"}]
["Bovinocultura de Corte","cabeças",64,{"v":20,"d":"20.0"},{"v":301.31,"d":"301.3"},{"v":2019,"d":"2,019.0"},{"v":19284,"d":"19,284.0"}]
["Bovinocultura Leiteira","cabeças",92,{"v":2,"d":"2.0"},{"v":28.71,"d":"28.7"},{"v":323,"d":"323.0"},{"v":2641,"d":"2,641.0"}]
["Bovinocultura Mista","cabeças",149,{"v":2,"d":"2.0"},{"v":104.29,"d":"104.3"},{"v":6000,"d":"6,000.0"},{"v":15539,"d":"15,539.0"}]
["Caprinocultura","cabeças",1,{"v":1,"d":"1.0"},{"v":1,"d":"1.0"},{"v":1,"d":"1.0"},{"v":1,"d":"1.0"}]
["Equinocultura","cabeças",191,{"v":1,"d":"1.0"},{"v":4.72,"d":"4.7"},{"v":200,"d":"200.0"},{"v":902,"d":"902.0"}]
["Helicicultura","viveiros",2,{"v":5,"d":"5.0"},{"v":8,"d":"8.0"},{"v":11,"d":"11.0"},{"v":16,"d":"16.0"}]
["Ovinocultura","cabeças",23,{"v":1,"d":"1.0"},{"v":34.48,"d":"34.5"},{"v":182,"d":"182.0"},{"v":793,"d":"793.0"}]
["Piscicultura","m² tanques",1,{"v":10000,"d":"10,000.0"},{"v":10000,"d":"10,000.0"},{"v":10000,"d":"10,000.0"},{"v":10000,"d":"10,000.0"}]
["Sericicultura","gramas larvas/ano",17,{"v":2,"d":"2.0"},{"v":151,"d":"151.0"},{"v":250,"d":"250.0"},{"v":2567,"d":"2,567.0"}]
["Suinocultura","cabeças",42,{"v":1,"d":"1.0"},{"v":6.48,"d":"6.5"},{"v":50,"d":"50.0"},{"v":272,"d":"272.0"}]
["Fonte: Secretaria de Agricultura e Abastecimento, CDRS/IEA, Projeto LUPA."]
[]
["TABELA 504.3 -  Máquinas, Implementos e Benfeitorias, Município de Sandovalina, Estado de São Paulo, 2007/08."]
["ITEM","UNIDADE","N.DE UPAs","MÍNIMO","MÉDIO","MÁXIMO","TOTAL"]
["Arado Comum (Bacia, Aiveca)","Unidade",29,{"v":1,"d":"1.0"},{"v":1.24,"d":"1.2"},{"v":5,"d":"5.0"},{"v":36,"d":"36.0"}]
["Arado Escarificador","Unidade",10,{"v":1,"d":"1.0"},1.6,{"v":5,"d":"5.0"},{"v":16,"d":"16.0"}]
["Arado Subsolador","Unidade",7,{"v":1,"d":"1.0"},{"v":1,"d":"1.0"},{"v":1,"d":"1.0"},{"v":7,"d":"7.0"}]
["Batedeira de Cereais","Unidade",3,{"v":1,"d":"1.0"},{"v":1.33,"d":"1.3"},{"v":2,"d":"2.0"},{"v":4,"d":"4.0"}]
["Carregadeira de Cana","Unidade",2,{"v":1,"d":"1.0"},{"v":1,"d":"1.0"},{"v":1,"d":"1.0"},{"v":2,"d":"2.0"}]
["Colhedeira Acoplada","Unidade",3,{"v":1,"d":"1.0"},{"v":1.33,"d":"1.3"},{"v":2,"d":"2.0"},{"v":4,"d":"4.0"}]
["Colhedeira Automotriz","Unidade",3,{"v":1,"d":"1.0"},{"v":1.67,"d":"1.7"},{"v":2,"d":"2.0"},{"v":5,"d":"5.0"}]
["Desintegrador de Palha (Plantio Direto)","Unidade",1,{"v":4,"d":"4.0"},{"v":4,"d":"4.0"},{"v":4,"d":"4.0"},{"v":4,"d":"4.0"}]
["Desintegrador, Picador, Triturador","Unidade",55,{"v":1,"d":"1.0"},{"v":1.09,"d":"1.1"},{"v":2,"d":"2.0"},{"v":60,"d":"60.0"}]
["Distribuidor de Calcário","Unidade",13,{"v":1,"d":"1.0"},{"v":1.23,"d":"1.2"},{"v":4,"d":"4.0"},{"v":16,"d":"16.0"}]
["Ensiladeira","Unidade",9,{"v":1,"d":"1.0"},{"v":1.33,"d":"1.3"},{"v":2,"d":"2.0"},{"v":12,"d":"12.0"}]
["Grade Aradora (Tipo Romi)","Unidade",27,{"v":1,"d":"1.0"},{"v":1.41,"d":"1.4"},{"v":3,"d":"3.0"},{"v":38,"d":"38.0"}]
["Grade Niveladora","Unidade",27,{"v":1,"d":"1.0"},{"v":1.33,"d":"1.3"},{"v":4,"d":"4.0"},{"v":36,"d":"36.0"}]
["Implementos para Tração Animal","Unidade",10,{"v":1,"d":"1.0"},2.9,{"v":5,"d":"5.0"},{"v":29,"d":"29.0"}]
["Microtrator","Unidade",1,{"v":1,"d":"1.0"},{"v":1,"d":"1.0"},{"v":1,"d":"1.0"},{"v":1,"d":"1.0"}]
["Misturador de Ração","Unidade",5,{"v":1,"d":"1.0"},1.4,{"v":2,"d":"2.0"},{"v":7,"d":"7.0"}]
["Ordenhadeira Mecânica","Unidade",4,{"v":1,"d":"1.0"},{"v":1,"d":"1.0"},{"v":1,"d":"1.0"},{"v":4,"d":"4.0"}]
["Pulverizador Tratorizado","Unidade",13,{"v":1,"d":"1.0"},{"v":1.08,"d":"1.1"},{"v":2,"d":"2.0"},{"v":14,"d":"14.0"}]
["Resfriador de Leite, Tanque Expansão","Unidade",4,{"v":1,"d":"1.0"},{"v":1,"d":"1.0"},{"v":1,"d":"1.0"},{"v":4,"d":"4.0"}]
["Semeadeira/Adubadeira para Plantio Convencional","Unidade",11,{"v":1,"d":"1.0"},{"v":1.09,"d":"1.1"},{"v":2,"d":"2.0"},{"v":12,"d":"12.0"}]
["Semeadeira/Plantadeira Plantio Direto","Unidade",10,{"v":1,"d":"1.0"},1.4,{"v":2,"d":"2.0"},{"v":14,"d":"14.0"}]
["Terraceador","Unidade",7,{"v":1,"d":"1.0"},{"v":1,"d":"1.0"},{"v":1,"d":"1.0"},{"v":7,"d":"7.0"}]
["Trator de Esteiras","Unidade",5,{"v":1,"d":"1.0"},1.2,{"v":2,"d":"2.0"},{"v":6,"d":"6.0"}]
["Trator de Pneus","Unidade",51,{"v":1,"d":"1.0"},{"v":2.61,"d":"2.6"},{"v":20,"d":"20.0"},{"v":133,"d":"133.0"}]
["Açude/Represa","Unidade",30,{"v":1,"d":"1.0"},3.2,{"v":14,"d":"14.0"},{"v":96,"d":"96.0"}]
["Almoxarifado/Oficina","Unidade",4,{"v":1,"d":"1.0"},1.5,{"v":2,"d":"2.0"},{"v":6,"d":"6.0"}]
["Armazém para Grãos Ensacados","Sacas",2,{"v":1,"d":"1.0"},150.5,{"v":300,"d":"300.0"},{"v":301,"d":"301.0"}]
["Balança para Bovinos","Unidade",10,{"v":1,"d":"1.0"},{"v":1,"d":"1.0"},{"v":1,"d":"1.0"},{"v":10,"d":"10.0"}]
["Barracão para Bicho da Seda/Sirgaria","Unidade",25,{"v":1,"d":"1.0"},{"v":1,"d":"1.0"},{"v":1,"d":"1.0"},{"v":25,"d":"25.0"}]
["Barracão para Granja/Avicultura","Unidade",4,{"v":1,"d":"1.0"},{"v":4.25,"d":"4.3"},{"v":14,"d":"14.0"},{"v":17,"d":"17.0"}]
["Barracão/Galpão/Garagem","Unidade",71,{"v":1,"d":"1.0"},{"v":1.37,"d":"1.4"},{"v":5,"d":"5.0"},{"v":97,"d":"97.0"}]
["Casa de Moradia Habitada","Unidade",263,{"v":1,"d":"1.0"},{"v":1.41,"d":"1.4"},{"v":11,"d":"11.0"},{"v":371,"d":"371.0"}]
["Casa de Moradia Total","Unidade",266,{"v":1,"d":"1.0"},{"v":1.61,"d":"1.6"},{"v":22,"d":"22.0"},{"v":428,"d":"428.0"}]
["Curral/Mangueira","Unidade",211,{"v":1,"d":"1.0"},{"v":1.04,"d":"1.0"},{"v":4,"d":"4.0"},{"v":220,"d":"220.0"}]
["Depósito/Tulha","Unidade",149,{"v":1,"d":"1.0"},{"v":1.11,"d":"1.1"},{"v":4,"d":"4.0"},{"v":165,"d":"165.0"}]
["Engenho","Unidade",1,{"v":1,"d":"1.0"},{"v":1,"d":"1.0"},{"v":1,"d":"1.0"},{"v":1,"d":"1.0"}]
["Estufa/Plasticultura","m²",2,{"v":1,"d":"1.0"},{"v":1,"d":"1.0"},{"v":1,"d":"1.0"},{"v":2,"d":"2.0"}]
["Fábrica de Farinha","Unidade",3,{"v":1,"d":"1.0"},{"v":1,"d":"1.0"},{"v":1,"d":"1.0"},{"v":3,"d":"3.0"}]
["Fábrica de Ração","Unidade",2,{"v":1,"d":"1.0"},{"v":1,"d":"1.0"},{"v":1,"d":"1.0"},{"v":2,"d":"2.0"}]
["Instalações para Equinos","Unidade",1,{"v":1,"d":"1.0"},{"v":1,"d":"1.0"},{"v":1,"d":"1.0"},{"v":1,"d":"1.0"}]
["Pocilga","Unidade",23,{"v":1,"d":"1.0"},{"v":1,"d":"1.0"},{"v":1,"d":"1.0"},{"v":23,"d":"23.0"}]
["Poço Semi-Artesiano","Unidade",47,{"v":1,"d":"1.0"},{"v":1.19,"d":"1.2"},{"v":4,"d":"4.0"},{"v":56,"d":"56.0"}]
["Posto Meteorológico","Unidade",2,{"v":1,"d":"1.0"},1.5,{"v":2,"d":"2.0"},{"v":3,"d":"3.0"}]
["Secador de Grãos","Unidade",2,{"v":1,"d":"1.0"},1.5,{"v":2,"d":"2.0"},{"v":3,"d":"3.0"}]
["Silo para Silagem","t",6,{"v":1,"d":"1.0"},{"v":109.33,"d":"109.3"},{"v":301,"d":"301.0"},{"v":656,"d":"656.0"}]
["Terreiro","m²",1,{"v":450,"d":"450.0"},{"v":450,"d":"450.0"},{"v":450,"d":"450.0"},{"v":450,"d":"450.0"}]
["Fonte: Secretaria de Agricultura e Abastecimento, CDRS/IEA, Projeto LUPA."]
[]
["TABELA 504.4 - Outras Estatísticas Agrícolas, Município de Sandovalina, Estado de São Paulo, 2007/08."]
["ITEM","Número de UPAs",null,"Percentual"]
["Faz Parte de Associação de Produtores",77,null,{"v":24.444444444444443,"d":"24.4"}]
["Faz Parte de Cooperativa de Produtores",58,null,{"v":18.41269841269841,"d":"18.4"}]
["Faz Parte do Sindicato de Produtores",44,null,{"v":13.968253968253968,"d":"14.0"}]
["Não utiliza assistência técnica ",22,null,{"v":6.984126984126984,"d":"7.0"}]
["Utiliza somente assistência técnica governamental ",223,null,{"v":70.7936507936508,"d":"70.8"}]
["Utiliza somente assistência técnica privada ",3,null,{"v":0.9523809523809523,"d":"1.0"}]
["Utiliza assistência técnica tanto governamental quanto privada",67,null,{"v":21.26984126984127,"d":"21.3"}]
["Utiliza Crédito Rural",81,null,{"v":25.714285714285715,"d":"25.7"}]
["Utiliza Seguro Rural",8,null,{"v":2.53968253968254,"d":"2.5"}]
["Utiliza Escrituração Agrícola",8,null,{"v":2.53968253968254,"d":"2.5"}]
["Acessa Internet p/ Fins na Agropecuária",14,null,{"v":4.444444444444445,"d":"4.4"}]
["Utiliza Computador nas Atividades Agropecuárias",12,null,{"v":3.8095238095238098,"d":"3.8"}]
["Utiliza Energia Elétrica Para Uso na Atividade Agrícola",293,null,{"v":93.01587301587301,"d":"93.0"}]
["Realiza Análise de Solo, quando necessário",92,null,{"v":29.206349206349206,"d":"29.2"}]
["Utiliza Práticas de Conservação de Solo, quando necessário",248,null,{"v":78.73015873015873,"d":"78.7"}]
["Faz Adubação Mineral, quando necessário",111,null,{"v":35.23809523809524,"d":"35.2"}]
["Faz Adubação Orgânica, quando necessário",82,null,{"v":26.03174603174603,"d":"26.0"}]
["Faz Adubação Verde, quando necessário",72,null,{"v":22.857142857142858,"d":"22.9"}]
["Utiliza Manejo Integrado de Pragas (MIP)",1,null,{"v":0.3174603174603175,"d":"0.3"}]
["Utiliza Hidroponia",2,null,{"v":0.634920634920635,"d":"0.6"}]
["Utiliza Plasticultura","-",null,"-"]
["Utiliza Mudas Fiscalizadas",97,null,{"v":30.793650793650794,"d":"30.8"}]
["Utiliza Semente Melhorada",90,null,{"v":28.57142857142857,"d":"28.6"}]
["Faz Confinamento de Bovinos",7,null,{"v":2.2222222222222223,"d":"2.2"}]
["Utiliza Pastejo Intensivo",100,null,{"v":31.746031746031747,"d":"31.7"}]
["Faz Inseminação Artificial",4,null,{"v":1.26984126984127,"d":"1.3"}]
["Faz Mineralização do Rebanho",264,null,{"v":83.80952380952381,"d":"83.8"}]
["Faz Vermifugação do Rebanho",267,null,{"v":84.76190476190476,"d":"84.8"}]
["Possui Parceiros /Arrendatários na Exploração Animal",15,null,{"v":4.761904761904762,"d":"4.8"}]
["Esporte e lazer","-",null,"-"]
["Extração mineral","-",null,"-"]
["Hotel Fazenda, Pousada ou SPA",1,null,{"v":0.3174603174603175,"d":"0.3"}]
["Pesque-pague","-",null,"-"]
["Restaurante ou Lanchonete","-",null,"-"]
["Transformação artesanal","-",null,"-"]
["Turismo rural ou ecoturismo","-",null,"-"]
["Outras atividades econômicas rurais",2,null,{"v":0.634920634920635,"d":"0.6"}]
["Agroindústria",1,null,{"v":0.3174603174603175,"d":"0.3"}]
["Proprietário sem instrução ou com instrução incompleta",42,null,{"v":13.333333333333334,"d":"13.3"}]
["Proprietário com antigo primário completo",128,null,{"v":40.63492063492063,"d":"40.6"}]
["Proprietário com 1° grau (ou antigo ginasial) completo",42,null,{"v":13.333333333333334,"d":"13.3"}]
["Proprietário com 2° grau (ou antigo colegial) completo",54,null,{"v":17.142857142857142,"d":"17.1"}]
["Proprietário com curso superior completo ",45,null,{"v":14.285714285714285,"d":"14.3"}]
["Pessoa Jurídica",4,null,{"v":1.26984126984127,"d":"1.3"}]
["Proprietário residente na própria UPA ",219,null,{"v":69.52380952380952,"d":"69.5"}]
["Fonte: Secretaria de Agricultura e Abastecimento, CDRS/IEA, Projeto LUPA."]
[]
["TABELA 504.5 - Área Cultivada, Município de Sandovalina, Estado de São Paulo, 2007/08."]
["CULTURA","N.DE UPAs","MÍNIMO","MÉDIO","MÁXIMO","TOTAL"]
["Braquiaria",296,2.5,{"v":79.09,"d":"79.1"},{"v":2369.9,"d":"2,369.9"},{"v":23410,"d":"23,410.0"}]
["Cana-de-acucar",90,0.2,{"v":215.84,"d":"215.8"},{"v":4356.6,"d":"4,356.6"},{"v":19425.6,"d":"19,425.6"}]
["Soja",6,36.3,{"v":206.37,"d":"206.4"},{"v":500,"d":"500.0"},{"v":1238.2,"d":"1,238.2"}]
["Milho",43,0.5,{"v":9.88,"d":"9.9"},159.7,424.9]
["Eucalipto",66,0.1,{"v":3.62,"d":"3.6"},{"v":50,"d":"50.0"},239.2]
["Sorgo",3,7.2,61.4,{"v":90,"d":"90.0"},184.2]
["Mandioca",20,0.4,{"v":4.68,"d":"4.7"},55.6,93.6]
["Outras florestais",3,2.5,{"v":22.67,"d":"22.7"},40.5,{"v":68,"d":"68.0"}]
["Amora (ou amora-branca)",28,{"v":1,"d":"1.0"},{"v":2.15,"d":"2.2"},3.6,60.1]
["Mamona",8,{"v":2,"d":"2.0"},{"v":2.15,"d":"2.2"},2.4,17.2]
["Cafe",10,0.3,{"v":1.19,"d":"1.2"},{"v":3,"d":"3.0"},11.9]
["Urucum (ou urucu)",3,2.4,2.4,2.4,7.2]
["Palmito",1,4.8,4.8,4.8,4.8]
["Pinus",1,4.2,4.2,4.2,4.2]
["Algodao",1,{"v":4,"d":"4.0"},{"v":4,"d":"4.0"},{"v":4,"d":"4.0"},{"v":4,"d":"4.0"}]
["Pomar domestico",2,1.2,1.6,{"v":2,"d":"2.0"},3.2]
["Amendoim",1,{"v":3,"d":"3.0"},{"v":3,"d":"3.0"},{"v":3,"d":"3.0"},{"v":3,"d":"3.0"}]
["Mamao",1,{"v":2,"d":"2.0"},{"v":2,"d":"2.0"},{"v":2,"d":"2.0"},{"v":2,"d":"2.0"}]
["Feijao",1,1.2,1.2,1.2,1.2]
["Arroz",1,1.2,1.2,1.2,1.2]
["Coco-da-baia",1,0.2,0.2,0.2,0.2]
["Fonte: Secretaria de Agricultura e Abastecimento, CDRS/IEA, Projeto LUPA."]